00892nam a2200241 a 4500001001000000003000900010005001700019007000300036008004100039040002500080082001600105100005000121245005300171250001200224260008100236300002700317590006200344590002700406910001400433942001400447952017200461999001700633000030856DO-SdBNP20220725115748.0ta110602s1942 dr a 000 0 spa d aDO-SdBNPbspacBNPHU axxxxbT231c aTavárez Belliard, Aurora,d1894-197295739410aCartilla silabario /cAurora Tavárez Belliard. a6ª ed. aSantiago de los Caballeros, República Dominicana :bMuchas Gracias,c1942. a84 p. :bil. ;c24 cm. aPerteneció a la biblioteca personal de Martínez Boog. aInventariado, 2022/ YL aYLockward 2ddccLBS1 00102ddc51708PD-RVaBNPHUbBNPHUcCTd2011-06-02iLF1oxxxx T231p30856-10r2020-06-25w2020-06-25yLBS1zPerteneció a la biblioteca personal de Martínez Boog. c30348d30348